000 00626nam a2200205 a 4500
005 20210223125947.0
008 060608s2004 mx r 000 0 spa d
020 _a9703700977
035 _aUPN01000145295
049 _aI
050 4 _aF1226
_bB8.3
100 1 _aBurr, Claudia
_933183
245 1 0 _aAguilas, nopales y serpientes /
_cidea y texto de Claudia Burr : il. Ana Piñó.
260 _aMéxico :
_bDestino,
_c2004.
300 _a29 p. :
_bprincipalmente il. col.
440 0 _aInfantil & juvenil
651 4 _aMEXICO -
_xHISTORIA -
_vLITERATURA INFANTIL
_95260
700 1 _aPiñó, Ana,
_eil.
905 _aInfantil
999 _c117441
_d117441